000 00437nam a2200169Ia 4500
003 GCL
008 140319s9999 xx 000 0 eng d
040 _aGCL /
_cGCL
082 0 4 _a030
_bK S
100 1 _aKINDERSLEY, THE DORLING
245 1 0 _aSCIENCE ENCYCLOPEDIA /
_cKINDERSLEY, THE DORLING
260 _a[S.N] :
_bTHE DORLINY KINDERSLEY
650 0 4 _aSCIENCE
650 0 4 _aDISCOVERIES
650 0 4 _aENCYCLOPEDIAS
942 _2ddc
_cBK
999 _c25097
_d25097